000 00782nam a22002411u 4500
001 06129
003 HDC
007 cr bn ---aaaaa
008 210122p2008 | d 00 engg
040 _aHDC
245 0 _aMIHAS 2008 - Official Post Show Report
260 _a[no place] :
_b[publisher not identified],
_c2008
300 _a 1 online resource (42 pages)
336 _atext
_2rdacontent
337 _acomputer
_2rdamedia
338 _aonline resource
_2rdacarrier
650 _ahalal market
_9582
650 _aHalal showcase
_96439
856 _zRequest full-text at [email protected]
942 _2lcc
942 _cEIS
942 _kREPT 000276
999 _c3453
_d3453